000 00583nam a22001817a 4500
999 _c181601
_d181601
005 20210924160821.0
010 _aENG-129969
020 _c1295.00
_a9789353886752
035 _aEN-113501
037 _bDBAD/PUB
082 _a327.54073
100 _aKumar Rajesh
245 _aIndo-American Bilateral Relations:
_cby Rajesh Kumar
_bPolitico-Strategic Partnership and the Power Dynamics/
260 _bSage
_c2021
270 _bNew Delhi
_aBI/1-1 Mohan Cooperative Industrial Area
_e110044
300 _axvi,309p
_c21cm (hbk)
942 _2ddc
_cEN
_mKUM
_h327.54073